Xuất khẩu lúa gạo Việt Nam từ 1989 - 2011
Сохранить в:
| Главный автор: | |
|---|---|
| Формат: | |
| Язык: | Undetermined |
| Опубликовано: |
Cần Thơ
Đại học Cần Thơ
2012
|
| Предметы: | |
| Метки: |
Добавить метку
Нет меток, Требуется 1-ая метка записи!
|
| Thư viện lưu trữ: | Trung tâm Học liệu Trường Đại học Cần Thơ |
|---|
| LEADER | 00641nam a2200205Ia 4500 | ||
|---|---|---|---|
| 001 | CTU_175377 | ||
| 008 | 210402s9999 xx 000 0 und d | ||
| 082 | |a 338.17 | ||
| 082 | |b D513 | ||
| 100 | |a Võ, Hùng Dũng | ||
| 245 | 0 | |a Xuất khẩu lúa gạo Việt Nam từ 1989 - 2011 | |
| 245 | 0 | |c Võ Hùng Dũng (chủ biên) | |
| 260 | |a Cần Thơ | ||
| 260 | |b Đại học Cần Thơ | ||
| 260 | |c 2012 | ||
| 650 | |a Agriculture,Nông nghiệp | ||
| 650 | |x Economic aspects,khía cạnh kinh tế | ||
| 650 | |z Vietnam | ||
| 910 | |a Nguyên | ||
| 980 | |a Trung tâm Học liệu Trường Đại học Cần Thơ | ||